| 000 | 00654cam a22002293a 4500 | ||
|---|---|---|---|
| 001 | 27769 | ||
| 003 | PGUSA | ||
| 005 | 20140828083612.0 | ||
| 008 | 090111s2009||||xxu|||||s|||||000 | eng d | ||
| 040 |
_aPGUSA _beng |
||
| 042 | _adc | ||
| 050 | 4 | _aML | |
| 100 | 1 |
_aWagner, Richard, _d1813-1883 |
|
| 245 | 1 | 0 |
_aDer Fliegende Hollaender : _bThe Flying Dutchman _h[electronic resource] / _cRichard Wagner |
| 260 |
_bProject Gutenberg, _c2009 |
||
| 506 | _aPublic domain in the USA. | ||
| 516 | _aElectronic text | ||
| 653 | _aOperas -- Librettos | ||
| 830 | 0 |
_aProject Gutenberg _v27769 |
|
| 856 | 4 | 0 | _uhttp://www.gutenberg.org/ebooks/27769 |
| 942 | _cEB | ||
| 999 |
_c257024 _d257024 |
||